=LDR 00000nam 2200000 4500 =001 INLIS000000000019119 =005 20130612114223 =008 ***********************************Ind** =035 ##$$0010-061300000019119 =041 ##$$a Ind =082 ##$$a 823 =090 ##$$a 823, Hux b =100 ##$$a Huxley, Aldous =245 ##$$a Brave new world, Aldous, Huxley =260 ##$$a 1932 $b London =300 ##$$a 304 hlm, 21 cm =650 ##$$a Fiksi Inggris =850 ##$$a NBPNMAT